[Event "Politiken Cup"]
[Site "Copenhagen"]
[Date "2006.07.22"]
[Round "1.104"]
[White "Hauskens, Morten"]
[Black "Di Paolo, Marco"]
[Result "0-1"]
[WhiteElo "1400"]
[BlackElo "2060"]
[PlyCount "54"]
[EventDate "2006.??.??"]

1. e4 e6 2. Nc3 d5 3. Bd3 d4 4. Nce2 e5 5. Nf3 Bd6 6. O-O Be6 7. c3 c5 8. Bb5+
Nd7 9. d3 h6 10. Qa4 a6 11. Bc4 b5 12. Qb3 bxc4 13. dxc4 Ngf6 14. Nd2 O-O 15.
Qb7 Qb6 16. Qxb6 Nxb6 17. b3 Rfd8 18. Rb1 a5 19. Ba3 Bf8 20. Rb2 a4 21. Rfb1
axb3 22. Nxb3 Rxa3 23. Nxc5 Bxc5 24. cxd4 exd4 25. e5 Ne4 26. f3 Nc3 27. Rc1
d3+ 0-1

[Event "Politiken Cup"]
[Site "Copenhagen"]
[Date "2006.07.22"]
[Round "1.105"]
[White "Eriksson, Christian"]
[Black "Gade, Jens"]
[Result "1-0"]
[WhiteElo "1982"]
[BlackElo "1395"]
[PlyCount "41"]
[EventDate "2006.??.??"]

1. e4 c5 2. Nf3 d6 3. d4 cxd4 4. Nxd4 Nf6 5. Nc3 a6 6. Bc4 e6 7. Bb3 Be7 8. O-O
O-O 9. f4 Bd7 10. Qe2 Nc6 11. Be3 e5 12. fxe5 dxe5 13. Nf5 Bxf5 14. Rxf5 Nd4
15. Bxd4 Qxd4+ 16. Kh1 Rad8 17. Raf1 Qc5 18. Nd5 Nxd5 19. Bxd5 Rxd5 20. exd5
Qxd5 21. Rxe5 1-0

[Event "Politiken Cup"]
[Site "Copenhagen"]
[Date "2006.07.22"]
[Round "1.106"]
[White "Wiggen, Frode"]
[Black "Rosenkilde, Alexander"]
[Result "0-1"]
[WhiteElo "1390"]
[BlackElo "2054"]
[PlyCount "128"]
[EventDate "2006.??.??"]

1. d4 Nf6 2. c4 e6 3. Nc3 Bb4 4. e3 b6 5. a3 Bxc3+ 6. bxc3 O-O 7. Ne2 Bb7 8. f3
d6 9. Ng3 Nbd7 10. Bd3 c5 11. O-O Rc8 12. Bb2 Ne8 13. e4 g6 14. f4 Qh4 15. d5
e5 16. f5 Ndf6 17. Rf3 Ng7 18. Nh1 Nfh5 19. Rh3 Qe7 20. Nf2 Nf4 21. Rf3 Qg5 22.
g3 Nxd3 23. Qxd3 gxf5 24. exf5 Ne8 25. Bc1 Qg7 26. Ne4 Rd8 27. f6 Qg6 28. Qe3
Bc8 29. Qg5 Nc7 30. Bd2 b5 31. cxb5 Nxd5 32. c4 Nc7 33. Raf1 Ne6 34. Qxg6+ hxg6
35. g4 Nd4 36. Rh3 Bxg4 37. Rh4 Nf3+ 38. Rxf3 Bxf3 39. Bh6 Rfe8 40. Bg7 Bh5 41.
Ng3 Kh7 42. Kf2 d5 43. Nxh5 gxh5 44. Rxh5+ Kg6 45. Rh6+ Kf5 46. cxd5 Rxd5 47.
Rh3 Rd2+ 48. Ke1 Red8 49. Bh6 R2d3 50. Be3 Rxa3 51. Rh5+ Kxf6 52. Bxc5 Ra2 53.
Be3 Rd3 54. Rh3 Ke6 55. Rh6+ Kd5 56. Bc1 Rb3 57. Rf6 Rb1 58. Kd1 Raa1 59. Rc6
Rxb5 60. Rc7 Rbb1 61. h4 Rxc1+ 62. Rxc1 Rxc1+ 63. Kxc1 Ke4 64. h5 Kf5 0-1

[Event "Politiken Cup"]
[Site "Copenhagen"]
[Date "2006.07.22"]
[Round "1.107"]
[White "Bering, Anders"]
[Black "Christensen, Christoffer Ellegaa"]
[Result "1-0"]
[WhiteElo "2046"]
[BlackElo "1383"]
[PlyCount "69"]
[EventDate "2006.??.??"]

1. e4 e6 2. d4 d5 3. Nc3 Bb4 4. e5 c5 5. a3 cxd4 6. axb4 dxc3 7. Qd4 cxb2 8.
Bxb2 Qc7 9. b5 Nd7 10. Nf3 Ne7 11. Bd3 O-O 12. Bxh7+ Kxh7 13. Qh4+ Kg8 14. Ng5
Rd8 15. Qh7+ Kf8 16. Qh8+ Ng8 17. O-O b6 18. Ra4 Qxc2 19. Rf4 Qg6 20. Ba3+ Nc5
21. Rxf7+ Qxf7 22. Nxf7 Kxf7 23. Qh5+ Kf8 24. Rc1 Bb7 25. Qf3+ Ke8 26. Qg4 Kf7
27. Rc3 Ne7 28. Qh5+ Kg8 29. Rf3 Nf5 30. Qg6 Bc8 31. g4 d4 32. gxf5 exf5 33.
Bxc5 bxc5 34. e6 d3 35. Qf7+ 1-0

[Event "Politiken Cup"]
[Site "Copenhagen"]
[Date "2006.07.22"]
[Round "1.108"]
[White "Gjedsted, Søren Havn"]
[Black "Haugstad, Espen"]
[Result "0-1"]
[WhiteElo "1360"]
[BlackElo "2046"]
[PlyCount "36"]
[EventDate "2006.??.??"]

1. e4 c5 2. Nf3 d6 3. d4 cxd4 4. Nxd4 Nf6 5. Nc3 g6 6. Be3 Bg7 7. f3 Nc6 8. Qd2
O-O 9. O-O-O d5 10. exd5 Nxd5 11. Nxc6 bxc6 12. Nxd5 cxd5 13. Qxd5 Qc7 14. Qc5
Qb7 15. Bd4 Bf5 16. Qa5 Rfc8 17. c3 Bh6+ 18. Rd2 Bxd2+ 0-1

[Event "Politiken Cup"]
[Site "Copenhagen"]
[Date "2006.07.22"]
[Round "1.109"]
[White "Grassie, Duncan"]
[Black "Hinman, Chris"]
[Result "1-0"]
[WhiteElo "2042"]
[BlackElo "1343"]
[PlyCount "57"]
[EventDate "2006.??.??"]

1. d4 Nf6 2. Bg5 Ne4 3. Bf4 e6 4. f3 Nf6 5. e4 Be7 6. Nc3 d6 7. Nge2 b6 8. Ng3
Bb7 9. Bd3 Nbd7 10. O-O e5 11. Be3 c5 12. dxc5 bxc5 13. Nf5 d5 14. Nxg7+ Kf8
15. Bh6 Kg8 16. Nf5 Nf8 17. Qe1 Ng6 18. Nxd5 Nxd5 19. exd5 Bxd5 20. Rd1 Qc7 21.
Nxe7+ Qxe7 22. Bxg6 hxg6 23. Rxd5 Rxh6 24. Qxe5 Qh4 25. h3 Qb4 26. Rfd1 Qb6 27.
Rd6 Qa5 28. b4 Qc7 29. Rxg6+ 1-0

[Event "Politiken Cup"]
[Site "Copenhagen"]
[Date "2006.07.22"]
[Round "1.110"]
[White "Kristensen, Steffen Michael"]
[Black "Schmidt, Horst Hubert"]
[Result "0-1"]
[WhiteElo "1319"]
[BlackElo "2042"]
[PlyCount "34"]
[EventDate "2006.??.??"]

1. c4 e5 2. Nc3 Nc6 3. e4 d6 4. Nf3 f5 5. d4 exd4 6. Nxd4 fxe4 7. Be3 Nf6 8.
Be2 g6 9. Nxc6 bxc6 10. Qc2 Bg7 11. Nxe4 O-O 12. O-O Bf5 13. Bd3 Ng4 14. h3 Ne5
15. g4 Nf3+ 16. Kg2 Bxg4 17. hxg4 Qh4 0-1

[Event "Politiken Cup"]
[Site "Copenhagen"]
[Date "2006.07.22"]
[Round "1.111"]
[White "Hayes, Stuart"]
[Black "Jensen, Frederik Jessin"]
[Result "1-0"]
[WhiteElo "2039"]
[BlackElo "1317"]
[PlyCount "67"]
[EventDate "2006.??.??"]

1. d4 e6 2. c4 Bb4+ 3. Nc3 Bxc3+ 4. bxc3 b6 5. e4 Bb7 6. Bd3 d6 7. Qg4 Nf6 8.
Qf4 Nbd7 9. Nf3 e5 10. Qe3 O-O 11. O-O Re8 12. d5 Nc5 13. Ba3 Nxd3 14. Qxd3 Qd7
15. Bc1 Ba6 16. a4 Qg4 17. Re1 Qg6 18. a5 h6 19. Nh4 Qh5 20. Nf5 Ng4 21. h3 Nf6
22. Re3 g6 23. g4 Nxg4 24. hxg4 Qxg4+ 25. Rg3 Qh5 26. Nxh6+ Kf8 27. Rh3 Bxc4
28. Qg3 Qd1+ 29. Kh2 Bf1 30. Nxf7 g5 31. Bxg5 Qxa1 32. Rh8+ Kg7 33. Bh4+ Kxf7
34. Qf3+ 1-0

[Event "Politiken Cup"]
[Site "Copenhagen"]
[Date "2006.07.22"]
[Round "1.112"]
[White "Jensen, Jan Erik"]
[Black "Danielsson, Robert"]
[Result "0-1"]
[WhiteElo "1304"]
[BlackElo "2037"]
[PlyCount "106"]
[EventDate "2006.??.??"]

1. e4 c5 2. Nf3 Nc6 3. Nc3 g6 4. d3 Bg7 5. Bd2 d6 6. Be2 e6 7. Rb1 Nge7 8. O-O
O-O 9. Qe1 Rb8 10. a4 a6 11. b3 b5 12. axb5 axb5 13. h3 Bd7 14. Nd1 f5 15. exf5
Nxf5 16. Bf4 e5 17. Bh2 Qb6 18. Ne3 Nxe3 19. fxe3 Bh6 20. e4 Nb4 21. Qd1 Ra8
22. c4 Ra2 23. Bg3 Rfa8 24. Be1 Nc2 25. Bd2 Bxd2 26. Qxd2 Nd4 27. Qg5 Nxe2+ 28.
Kh2 Qd8 29. Qe3 Nf4 30. Rf2 R8a3 31. Rbb2 Rxb2 32. Rxb2 Qf6 33. Ne1 Qg5 34. Nf3
Qe7 35. Ne1 Ne6 36. Nc2 Ra8 37. b4 Nd4 38. bxc5 dxc5 39. cxb5 Bxb5 40. Nxd4
exd4 41. Qd2 Qe5+ 42. g3 c4 43. dxc4 Bxc4 44. Rb4 Ra2 45. Rb2 Rxb2 46. Qxb2
Qxe4 47. Qb8+ Kg7 48. Qc7+ Bf7 49. Kg1 Qe3+ 50. Kg2 d3 51. Qc3+ Kh6 52. h4 Qe2+
53. Kh3 d2 0-1

[Event "Politiken Cup"]
[Site "Copenhagen"]
[Date "2006.07.22"]
[Round "1.114"]
[White "Roelvaag.Anders Birk"]
[Black "Sending, Stale"]
[Result "1-0"]
[WhiteElo "1274"]
[BlackElo "2035"]
[PlyCount "39"]
[EventDate "2006.??.??"]

1. e4 c5 2. Nc3 Nc6 3. g3 g6 4. Bg2 Bg7 5. d3 e6 6. Nge2 Nge7 7. Be3 Nd4 8. O-O
d5 9. exd5 exd5 10. Nf4 Be6 11. Re1 Qd7 12. Bxd4 Bxd4 13. Ncxd5 Nxd5 14. Bxd5
O-O 15. Nxe6 Qxd5 16. Nxf8 Bxb2 17. Nxg6 fxg6 18. Rb1 Bd4 19. Qe2 Rf8 20. Rf1
1-0

[Event "Politiken Cup"]
[Site "Copenhagen"]
[Date "2006.07.22"]
[Round "1.115"]
[White "Ertbjerg, Andreas Lund"]
[Black "Christensen, Casper"]
[Result "1-0"]
[WhiteElo "2034"]
[BlackElo "1252"]
[PlyCount "47"]
[EventDate "2006.??.??"]

1. e4 c5 2. Nc3 a6 3. g3 b5 4. Bg2 Bb7 5. d3 d6 6. Be3 g6 7. Qd2 Nd7 8. f4 Bc6
9. Nf3 Bg7 10. O-O h5 11. Nh4 b4 12. Nd1 Nh6 13. h3 e6 14. c3 a5 15. f5 exf5
16. exf5 Bxg2 17. Qxg2 bxc3 18. fxg6 cxb2 19. gxf7+ Nxf7 20. Nxb2 Rb8 21. Rae1
Nde5 22. Ng6 Rg8 23. Qd5 Rxb2 24. Qe6+ 1-0

[Event "Politiken Cup"]
[Site "Copenhagen"]
[Date "2006.07.22"]
[Round "1.116"]
[White "Palvig, David Kinch"]
[Black "Nielsen, Jens Holm"]
[Result "0-1"]
[WhiteElo "1238"]
[BlackElo "2034"]
[PlyCount "94"]
[EventDate "2006.??.??"]

1. f4 d5 2. b3 Nf6 3. e3 d4 4. Be2 dxe3 5. dxe3 Qxd1+ 6. Bxd1 Bf5 7. Bf3 Nc6 8.
Bxc6+ bxc6 9. c4 e5 10. fxe5 Ng4 11. Nf3 Bb4+ 12. Ke2 O-O-O 13. Nd4 Be4 14. Bb2
Nxe5 15. a3 Bd3+ 16. Kf2 Be7 17. Nd2 Bg6 18. Ke2 c5 19. Nb5 Nd3 20. Bxg7 Bh5+
21. Kf1 Rhg8 22. Bh6 Nf2 23. Ra2 Nxh1 24. Kg1 Ng3 25. hxg3 Bg5 26. Bxg5 Rxg5
27. Ne4 Rd1+ 28. Kh2 Re5 29. Nf6 Rf1 30. g4 Rxf6 31. gxh5 Rxh5+ 32. Kg1 a6 33.
Nc3 Rhf5 34. Nd5 Rf1+ 35. Kh2 Rh6+ 36. Kg3 Rg6+ 37. Kh2 Rh6+ 38. Kg3 Re6 39.
Re2 Rg6+ 40. Kh2 Rh6+ 41. Kg3 Rg6+ 42. Kh2 a5 43. e4 Re6 44. Nc3 f5 45. e5 f4
46. Kh3 Rg6 47. g4 Rf3+ 0-1

[Event "Politiken Cup"]
[Site "Copenhagen"]
[Date "2006.07.22"]
[Round "1.117"]
[White "Strand, Haakon"]
[Black "Mossiaguine, Arina"]
[Result "1-0"]
[WhiteElo "2034"]
[BlackElo "1200"]
[PlyCount "63"]
[EventDate "2006.??.??"]

1. e4 g6 2. Nc3 Bg7 3. Bc4 e6 4. d3 b6 5. f4 Ne7 6. Nf3 d6 7. O-O Bb7 8. Qe1 h6
9. Bb3 Nd7 10. a3 c6 11. Bd2 f6 12. Bxe6 Nc5 13. Ba2 Qd7 14. d4 Ne6 15. d5 Nf8
16. e5 O-O-O 17. dxc6 Bxc6 18. Nd4 fxe5 19. Nxc6 Nxc6 20. fxe5 Bxe5 21. Rf7 Qg4
22. Qf1 Bd4+ 23. Kh1 Re8 24. Qa6+ Kd8 25. Bd5 Re7 26. Rxe7 Nxe7 27. Qxa7 Nd7
28. Re1 Be5 29. Qa8+ Nc8 30. Bb7 Kc7 31. Nd5+ Kd8 32. Qxc8# 1-0

[Event "Politiken Cup"]
[Site "Copenhagen"]
[Date "2006.07.22"]
[Round "1.118"]
[White "Zyde, Furat"]
[Black "Valla, Martin"]
[Result "0-1"]
[WhiteElo "1200"]
[BlackElo "2034"]
[PlyCount "54"]
[EventDate "2006.??.??"]

1. e4 Nf6 2. Nc3 e5 3. Nf3 Nc6 4. Bb5 Bc5 5. O-O O-O 6. Bxc6 dxc6 7. Nxe5 Re8
8. d4 Bxd4 9. Nf3 Bxc3 10. Qxd8 Rxd8 11. bxc3 Nxe4 12. Bb2 Bf5 13. Nd4 Bg6 14.
Rfe1 Rd7 15. Re2 c5 16. Nb3 b6 17. Rae1 Rad8 18. f3 Nd6 19. g4 f6 20. h4 Nc4
21. Bc1 Rd1 22. Rxd1 Rxd1+ 23. Kg2 a5 24. a4 Kf8 25. h5 Be8 26. Re4 Nd6 27. Rf4
c4 0-1

[Event "Politiken Cup"]
[Site "Copenhagen"]
[Date "2006.07.22"]
[Round "1.119"]
[White "Frisk, Hans"]
[Black "Larsen, Alex"]
[Result "1-0"]
[WhiteElo "2032"]
[BlackElo "1171"]
[PlyCount "91"]
[EventDate "2006.??.??"]

1. e4 c6 2. d4 d5 3. e5 c5 4. dxc5 e6 5. Be3 Nc6 6. Bb5 Qa5+ 7. Nc3 Bd7 8. Bxc6
Bxc6 9. Qd4 Ne7 10. g4 Bb5 11. b4 Qa6 12. Nxb5 Qxb5 13. a4 Qd7 14. Ne2 Nc6 15.
Qc3 b6 16. O-O Be7 17. b5 Na5 18. cxb6 Nc4 19. bxa7 Rxa7 20. Bxa7 Qxa7 21. a5
O-O 22. Nd4 Nxe5 23. Nc6 Nxc6 24. Qxc6 Qd4 25. Qc7 Bh4 26. h3 f5 27. Qb6 Bxf2+
28. Rxf2 Qxa1+ 29. Kg2 Qe5 30. a6 Qe4+ 31. Kf1 Qh1+ 32. Ke2 Qe4+ 33. Kf1 Qh1+
34. Ke2 Qe4+ 35. Kd1 d4 36. Qc6 Qe3 37. Qf3 Qe5 38. Qb3 Qe4 39. b6 d3 40. Qxd3
Qh1+ 41. Rf1 Qc6 42. b7 Qc7 43. Kc1 Rd8 44. Qxd8+ Qxd8 45. a7 Qb6 46. b8=Q+ 1-0

[Event "Politiken Cup"]
[Site "Copenhagen"]
[Date "2006.07.22"]
[Round "1.120"]
[White "Stangeland, Maren"]
[Black "Hansen, Herluf"]
[Result "0-1"]
[WhiteElo "1146"]
[BlackElo "2028"]
[PlyCount "52"]
[EventDate "2006.??.??"]

1. e4 e5 2. Nf3 Nc6 3. d4 exd4 4. Nxd4 Bc5 5. Nxc6 Qf6 6. Qe2 dxc6 7. Nc3 Ne7
8. Bd2 Ng6 9. g3 h5 10. Na4 Bg4 11. Bc3 Bd4 12. Qd2 O-O-O 13. Bd3 Bf3 14. Rf1
Rhe8 15. Bxd4 Rxd4 16. Nc3 Ne5 17. Ne2 Bxe2 18. Qxe2 Nf3+ 19. Kd1 g6 20. h4
Rexe4 21. Qxe4 Rxe4 22. Bxe4 Qd4+ 23. Bd3 Nh2 24. Re1 Qxf2 25. Re2 Qg1+ 26. Re1
Qxg3 0-1

[Event "Politiken Cup"]
[Site "Copenhagen"]
[Date "2006.07.22"]
[Round "1.121"]
[White "Kirkegaard, Niels"]
[Black "Rasmussen, Rene Rosendahl"]
[Result "1-0"]
[WhiteElo "2029"]
[BlackElo "1144"]
[PlyCount "39"]
[EventDate "2006.??.??"]

1. e4 c5 2. Nf3 d6 3. d4 cxd4 4. Nxd4 Nf6 5. Nc3 e6 6. Be2 Be7 7. O-O O-O 8. f4
a6 9. Be3 b5 10. Bf3 Qc7 11. e5 Nd5 12. Nxd5 exd5 13. Bxd5 Bb7 14. exd6 Bxd6
15. Bxb7 Qxb7 16. Ne6 fxe6 17. Qxd6 Qc6 18. Rad1 Re8 19. c3 Re7 20. Qxe7 1-0

[Event "Politiken Cup"]
[Site "Copenhagen"]
[Date "2006.07.22"]
[Round "1.122"]
[White "Nielsen, Bjørn"]
[Black "Jensen, Soren"]
[Result "0-1"]
[WhiteElo "1090"]
[BlackElo "2028"]
[PlyCount "68"]
[EventDate "2006.??.??"]

1. d4 Nf6 2. Nc3 d5 3. e3 e6 4. Bd3 c5 5. b3 cxd4 6. exd4 Bb4 7. Bd2 Nc6 8.
Nge2 Qb6 9. a3 Be7 10. Be3 Ng4 11. Qd2 Nxe3 12. Qxe3 Bf6 13. Na4 Qa5+ 14. c3 b5
15. Nb2 b4 16. O-O bxc3 17. Na4 Rb8 18. Bc2 Ba6 19. b4 Qd8 20. Rfd1 Bxe2 21.
Qxe2 Nxd4 22. Qd3 Nxc2 23. Qxc2 Qc7 24. Nc5 Rd8 25. Rd3 O-O 26. Re1 a5 27. Ree3
axb4 28. axb4 Qa7 29. Rh3 g6 30. g3 Rb8 31. Qa4 Qxa4 32. Nxa4 c2 33. Rc3 Bxc3
34. Nxc3 c1=Q+ 0-1

[Event "Politiken Cup"]
[Site "Copenhagen"]
[Date "2006.07.22"]
[Round "1.123"]
[White "Pedersen, Audun"]
[Black "Forså, Elise"]
[Result "1-0"]
[WhiteElo "2028"]
[BlackElo "1020"]
[PlyCount "91"]
[EventDate "2006.??.??"]

1. d4 d5 2. c4 Nc6 3. Nc3 Nf6 4. cxd5 Nxd5 5. e4 Nxc3 6. bxc3 e5 7. d5 Ne7 8.
f4 Qd6 9. Nf3 f6 10. fxe5 fxe5 11. Bd3 c6 12. c4 b5 13. Qb3 bxc4 14. Bxc4 Rb8
15. Qd3 Bb7 16. Ba3 Qf6 17. O-O Rd8 18. Qc3 cxd5 19. Nxe5 Qb6+ 20. Kh1 dxc4 21.
Qxc4 Rc8 22. Qf7+ Kd8 23. Rfd1+ Kc7 24. Rac1+ Kb8 25. Nd7+ Ka8 26. Nxb6+ axb6
27. Bxe7 Bxe7 28. Rxc8+ Rxc8 29. Qxe7 g6 30. Rd8 Rxd8 31. Qxd8+ Ka7 32. e5 Bc6
33. Qc7+ Bb7 34. e6 Ka6 35. Qxb7+ Kxb7 36. e7 b5 37. e8=Q b4 38. Qe6 Kc7 39.
Kg1 g5 40. Kf2 h5 41. Ke3 g4 42. Kd4 h4 43. Kc5 Kb7 44. Qd7+ Kb8 45. Kb6 Ka8
46. Qb7# 1-0

[Event "Politiken Cup"]
[Site "Copenhagen"]
[Date "2006.07.22"]
[Round "1.124"]
[White "Steinskog, Asbjørn Ottesen"]
[Black "Tandrup, Michael"]
[Result "0-1"]
[WhiteElo "1018"]
[BlackElo "2028"]
[PlyCount "106"]
[EventDate "2006.??.??"]

1. e4 d5 2. exd5 Qxd5 3. Nc3 Qa5 4. d4 Nf6 5. Nf3 c6 6. Be2 Bg4 7. Be3 e6 8. a3
Bd6 9. h3 Bh5 10. O-O O-O 11. Nd2 Bg6 12. Nc4 Qc7 13. Nxd6 Qxd6 14. Qd2 Nbd7
15. Bd3 Bxd3 16. Qxd3 Rad8 17. Ne4 Nxe4 18. Qxe4 Nf6 19. Qh4 Nd5 20. Bd2 Rfe8
21. Rad1 Qc7 22. Rfe1 Ne7 23. Bg5 f6 24. Bf4 Qb6 25. Bc1 Nf5 26. Qg4 Rxd4 27.
Rxd4 Qxd4 28. Qxd4 Nxd4 29. c3 Nf5 30. Rd1 Re7 31. g4 Nh4 32. Kh2 Kf7 33. Kg3
Ng6 34. f4 Rc7 35. Be3 b6 36. c4 Ke7 37. b4 Nf8 38. c5 b5 39. Rd6 Nd7 40. h4 g6
41. g5 fxg5 42. hxg5 Nb8 43. Bd4 Rd7 44. Be5 Kf7 45. Rxd7+ Nxd7 46. Kf3 Nxe5+
47. fxe5 Kg7 48. Kg4 h6 49. Kh4 Kh7 50. Kg4 hxg5 51. Kxg5 Kg7 52. Kh4 Kh6 53.
a4 a6 0-1

[Event "Politiken Cup"]
[Site "Copenhagen"]
[Date "2006.07.22"]
[Round "1.125"]
[White "Pedersen, Bent O"]
[Black "Holmen, Halfdan"]
[Result "1-0"]
[WhiteElo "2027"]
[BlackElo "1000"]
[PlyCount "59"]
[EventDate "2006.??.??"]

1. e4 e5 2. Nf3 Nc6 3. Bb5 Nf6 4. O-O Bc5 5. d3 O-O 6. Bg5 h6 7. Bh4 a6 8. Bxc6
bxc6 9. Nxe5 Re8 10. Ng4 Be7 11. Ne3 Rb8 12. b3 d6 13. Nd2 Nd7 14. Bxe7 Qxe7
15. f4 Nc5 16. Qf3 Bb7 17. Rae1 f6 18. Nf5 Qf7 19. Qg3 Kh7 20. Nf3 Bc8 21. N3d4
Bxf5 22. Nxf5 Ne6 23. Qh4 h5 24. Ng3 g6 25. f5 Ng7 26. fxg6+ Qxg6 27. Nf5 d5
28. Nxg7 Kxg7 29. Rf3 dxe4 30. Rg3 1-0

[Event "Politiken Cup"]
[Site "Copenhagen"]
[Date "2006.07.22"]
[Round "1.126"]
[White "Mølvig, Julius"]
[Black "Preuss, Flemming"]
[Result "0-1"]
[WhiteElo "1000"]
[BlackElo "2023"]
[PlyCount "36"]
[EventDate "2006.??.??"]

1. d4 f5 2. c4 Nf6 3. Qc2 g6 4. b3 Bg7 5. Bb2 O-O 6. e3 d6 7. c5 a5 8. cxd6
cxd6 9. Bb5 Be6 10. Nc3 Na6 11. e4 Nb4 12. Qe2 Nxe4 13. Nxe4 fxe4 14. Qxe4 Bf5
15. Bc4+ d5 16. Bxd5+ Nxd5 17. Qe2 Nb4 18. Rc1 Nd3+ 0-1

[Event "Politiken Cup"]
[Site "Copenhagen"]
[Date "2006.07.22"]
[Round "1.127"]
[White "Nielsen, Morten"]
[Black "Thingstad, Tormod"]
[Result "1-0"]
[WhiteElo "2019"]
[BlackElo "1000"]
[PlyCount "45"]
[EventDate "2006.??.??"]

1. e4 e5 2. Bc4 Nf6 3. Nf3 Nc6 4. Ng5 d5 5. exd5 Nxd5 6. d4 exd4 7. O-O Be7 8.
Nxf7 Kxf7 9. Qh5+ g6 10. Bxd5+ Ke8 11. Qf3 Rf8 12. Bxc6+ bxc6 13. Qxc6+ Bd7 14.
Qc4 Bf5 15. Re1 Qd6 16. Bg5 Rf7 17. Na3 Kd7 18. Qxf7 Re8 19. Nc4 Qc5 20. Ne5+
Kd8 21. Bxe7+ Rxe7 22. Qf8+ Re8 23. Qxc5 1-0

[Event "Politiken Cup"]
[Site "Copenhagen"]
[Date "2006.07.22"]
[Round "1.128"]
[White "Tofte, Anders"]
[Black "Hansen, Jesper"]
[Result "0-1"]
[WhiteElo "1000"]
[BlackElo "2014"]
[PlyCount "36"]
[EventDate "2006.??.??"]

1. e4 c5 2. Nc3 Nc6 3. f4 g6 4. Nf3 Bg7 5. Bc4 e6 6. e5 d6 7. Bb5 d5 8. d4 cxd4
9. Nxd4 Bd7 10. Nxc6 bxc6 11. Ba4 Ne7 12. g4 h5 13. g5 Nf5 14. Ne2 c5 15. c3
Bxa4 16. Qxa4+ Qd7 17. Qxd7+ Kxd7 18. Be3 Nxe3 0-1

[Event "Politiken Cup"]
[Site "Copenhagen"]
[Date "2006.07.22"]
[Round "1.129"]
[White "Muratet Esteban, Elias"]
[Black "Al-Saad, Mofid"]
[Result "0-1"]
[WhiteElo "1790"]
[BlackElo "1822"]
[PlyCount "82"]
[EventDate "2006.??.??"]

1. e4 Nf6 2. Nc3 d5 3. e5 Nfd7 4. d4 e6 5. a3 c5 6. Be3 Nc6 7. Nf3 Qb6 8. Na4
Qa5+ 9. c3 cxd4 10. b4 Qd8 11. cxd4 b6 12. Bb5 Bb7 13. Rc1 Rc8 14. O-O Be7 15.
Nb2 a6 16. Bd3 b5 17. Be2 Nb6 18. Nd3 Nc4 19. Nc5 Qb6 20. Qb3 a5 21. Bf4 a4 22.
Qa2 Nb8 23. Rc3 Bc6 24. Ne1 Nd7 25. Ned3 Nf8 26. Rfc1 g5 27. Bg3 h5 28. f3 Ng6
29. h3 Nh4 30. Bf2 Nf5 31. Nb2 g4 32. fxg4 hxg4 33. Bxg4 Bg5 34. Rf1 Nce3 35.
Re1 Nxg4 36. hxg4 Nh4 37. Be3 Qd8 38. Nd1 Ng6 39. Qd2 Bxe3+ 40. Qxe3 Qh4 41.
Qh3 Qxe1+ 0-1

[Event "Politiken Cup"]
[Site "Copenhagen"]
[Date "2006.07.23"]
[Round "2.1"]
[White "Kafka, Graeme"]
[Black "Short, Nigel"]
[Result "0-1"]
[WhiteElo "2134"]
[BlackElo "2676"]
[PlyCount "80"]
[EventDate "2006.??.??"]

1. e4 e5 2. Nf3 Nc6 3. Bb5 Nf6 4. O-O Nxe4 5. Qe2 Nd6 6. Bxc6 dxc6 7. Qxe5+ Qe7
8. Re1 Qxe5 9. Nxe5 Be7 10. d3 f6 11. Nf3 Kf7 12. Nbd2 Re8 13. Ne4 b6 14. Bd2
c5 15. a4 Bb7 16. Bc3 Bf8 17. Nfd2 Rad8 18. a5 Nb5 19. axb6 axb6 20. Re2 Ra8
21. Ree1 h6 22. g4 Nxc3 23. Nxc3 Bd6 24. Nc4 Bf4 25. h3 h5 26. gxh5 Bf3 27. Kf1
Rxe1+ 28. Rxe1 b5 29. Nxb5 Rh8 30. Re3 Bxe3 31. fxe3 Rxh5 32. Nxc7 Rxh3 33. Kf2
g5 34. Nd6+ Kg6 35. Ne6 Bd5 36. Nxc5 Rh2+ 37. Kg3 Rxc2 38. b4 Rg2+ 39. Kh3 Bf3
40. Nce4 f5 0-1

[Event "Politiken Cup"]
[Site "Copenhagen"]
[Date "2006.07.23"]
[Round "2.2"]
[White "Hansen, Curt"]
[Black "Röder, Peter"]
[Result "1-0"]
[WhiteElo "2633"]
[BlackElo "2131"]
[PlyCount "107"]
[EventDate "2006.??.??"]

1. e4 c5 2. Nf3 d6 3. d4 cxd4 4. Nxd4 Nf6 5. Nc3 g6 6. Be3 Bg7 7. f3 O-O 8. Qd2
Nc6 9. Bc4 Ne5 10. Bb3 Bd7 11. O-O-O Qa5 12. h4 Rfc8 13. g4 b5 14. h5 Nc4 15.
Bxc4 bxc4 16. Bh6 Bh8 17. Nf5 Re8 18. hxg6 fxg6 19. Bg7 Bxg7 20. Nxg7 Kxg7 21.
Qh6+ Kf7 22. g5 Qe5 23. gxf6 Qxf6 24. Qxh7+ Qg7 25. Nd5 Rac8 26. Rdg1 Rg8 27.
f4 e6 28. Ne7 Kxe7 29. Rxg6 Qf7 30. Qh4+ Ke8 31. Rxg8+ Qxg8 32. Qf6 Rc5 33. Rh8
Qxh8 34. Qxh8+ Ke7 35. Qd4 Rc7 36. Qg7+ Ke8 37. f5 exf5 38. exf5 Kd8 39. Qf8+
Be8 40. Qxd6+ Kc8 41. Qf8 Kd8 42. Kd2 Rf7 43. Qc5 Rc7 44. Qb4 Kc8 45. Qf8 Kd8
46. Kc3 Kd7 47. Kd4 Kd8 48. c3 Kd7 49. Kd5 Kd8 50. f6 Rf7 51. Qh8 Rc7 52. Qg8
Rf7 53. Qg5 Rd7+ 54. Kxc4 1-0

[Event "Politiken Cup"]
[Site "Copenhagen"]
[Date "2006.07.23"]
[Round "2.4"]
[White "Malakhatko, Vadim"]
[Black "Holst, Conny"]
[Result "1-0"]
[WhiteElo "2594"]
[BlackElo "2124"]
[PlyCount "65"]
[EventDate "2006.??.??"]

1. d4 d5 2. c4 dxc4 3. Nf3 Nf6 4. Nc3 c5 5. d5 e6 6. e4 b5 7. Nxb5 Qa5+ 8. Nc3
Nxe4 9. Bd2 Nxd2 10. Qxd2 Be7 11. Bxc4 Ba6 12. Bb3 O-O 13. dxe6 Nc6 14. Nd5
Qxd2+ 15. Nxd2 fxe6 16. Nxe7+ Nxe7 17. Bxe6+ Kh8 18. Bc4 Bb7 19. O-O Nf5 20.
Nb3 Nd6 21. Rfc1 Rf4 22. Na5 Rb8 23. b3 Rg4 24. Nxb7 Rxb7 25. Be2 Rg5 26. Rd1
Rb6 27. Rd2 Re5 28. Rad1 g6 29. Bf1 Re6 30. Rd5 Rc6 31. Rc1 c4 32. bxc4 Nxc4
33. Rxc4 1-0

[Event "Politiken Cup"]
[Site "Copenhagen"]
[Date "2006.07.23"]
[Round "2.5"]
[White "Penalver, Osmani"]
[Black "Karlsson, Lars"]
[Result "0-1"]
[WhiteElo "2126"]
[BlackElo "2506"]
[PlyCount "72"]
[EventDate "2006.??.??"]

1. d4 e6 2. c4 f5 3. Nf3 Nf6 4. g3 Bb4+ 5. Bd2 Qe7 6. a3 Bxd2+ 7. Nbxd2 d6 8.
Bg2 e5 9. dxe5 dxe5 10. e3 c5 11. Nb1 e4 12. Nfd2 Nc6 13. O-O Be6 14. Nc3 O-O-O
15. Qc2 h5 16. Ne2 h4 17. Nf4 Bf7 18. Bh3 g6 19. Rfd1 hxg3 20. fxg3 Ne5 21. Bg2
g5 22. Nd5 Nxd5 23. cxd5 Bxd5 24. Qc3 Kb8 25. b4 c4 26. Nf1 Nd3 27. b5 Rhg8 28.
Ra2 f4 29. exf4 gxf4 30. gxf4 e3 31. Ng3 Rxg3 32. hxg3 e2 33. Re1 Nxe1 34. Qxe1
Qe3+ 35. Kh2 Rh8+ 36. Bh3 Qf3 0-1

[Event "Politiken Cup"]
[Site "Copenhagen"]
[Date "2006.07.23"]
[Round "2.6"]
[White "Brynell, Stellan"]
[Black "Hjerrild Nielsen, Borge"]
[Result "1-0"]
[WhiteElo "2497"]
[BlackElo "2119"]
[PlyCount "65"]
[EventDate "2006.??.??"]

1. e4 c6 2. d4 d5 3. exd5 cxd5 4. c4 Nf6 5. Nc3 e6 6. Nf3 Be7 7. cxd5 Nxd5 8.
Bd3 Nc6 9. O-O O-O 10. Re1 Nf6 11. a3 b6 12. Bg5 Bb7 13. Bc2 Rc8 14. Qd3 g6 15.
Bh6 Re8 16. Rad1 a6 17. Bb3 Na5 18. Ba2 b5 19. Ne5 Bd5 20. Nxd5 exd5 21. Re2
Nc4 22. Qf3 Bf8 23. Bg5 Bg7 24. Rde1 Qd6 25. h3 Rf8 26. Bb1 Nb6 27. Bd2 Qc7 28.
Bf4 Qb7 29. Nd3 Rfe8 30. Nc5 Qa8 31. Be5 Nfd7 32. Bxg7 Kxg7 33. Re7 1-0

[Event "Politiken Cup"]
[Site "Copenhagen"]
[Date "2006.07.23"]
[Round "2.7"]
[White "Olsen, Aage"]
[Black "Negi, Parimarjan"]
[Result "0-1"]
[WhiteElo "2121"]
[BlackElo "2480"]
[PlyCount "68"]
[EventDate "2006.??.??"]

1. e4 c5 2. d4 cxd4 3. c3 dxc3 4. Nxc3 e6 5. Nf3 a6 6. Be3 Nc6 7. Rc1 Nge7 8.
Na4 Ng6 9. Nb6 Rb8 10. a3 Be7 11. Be2 O-O 12. O-O d6 13. Qa4 e5 14. Nxc8 Rxc8
15. Rfd1 Qd7 16. h3 Nb8 17. Qb3 b5 18. Ng5 Rxc1 19. Rxc1 Bxg5 20. Bxg5 Rc8 21.
Rd1 Nf8 22. Qd5 Ne6 23. Bg4 h6 24. Be3 Rc6 25. Qd2 Qe7 26. b4 Qe8 27. g3 Nd7
28. f4 Nf6 29. Bf3 Rc4 30. f5 Nd4 31. Bg2 Qc6 32. Bxh6 Rc2 33. Qg5 Rxg2+ 34.
Kh1 Rh2+ 0-1